| 000 | 01176nam0a22002891 4500 | ||
|---|---|---|---|
| 001 | rc\3376776 | ||
| 005 | 20250609185420.0 | ||
| 021 |
_aRU _b75-ОЭ-1597 |
||
| 021 |
_aRU _bРг9820-75 |
||
| 035 | _a(NLR Aleph) 007450341 | ||
| 090 |
_a7208967 _c7208967 |
||
| 100 | _a20130115d1974 |||y0rusy50 ca | ||
| 101 | 0 | _arus | |
| 102 | _aRU | ||
| 105 | _aa z ||||| | ||
| 200 | 1 |
_aПроектирование металлического каркаса одноэтажного промышленного здания _fСост.: Г.А. Абовян, Н.Г. Караханян, Л.М. Мелконян _gМ-во высш. и сред. спец. образ. АрмССР. Ереван. политехн. ин-т им. К. Маркса. Кафедра металл. и деревянных конструкций |
|
| 210 |
_aЕреван _cБ. и. _d1974 |
||
| 215 |
_a76 с. _cил. _d20 |
||
| 320 | _aБиблиогр.: с. 76 | ||
| 700 | 1 |
_aАбовян _bГ.А. _4220 |
|
| 701 | 1 |
_aКараханян _bН.Г. _4220 |
|
| 701 | 1 |
_aМелконян _bЛ.М. _4220 |
|
| 801 | 0 |
_aRU _bNLR _gpsbo |
|
| 801 | 1 |
_aRU _bELAR _2rusmarc |
|
| 852 |
_aNLR _j75-4/8546 |
||
| 942 | _cBOOK | ||
| 980 | _aNB | ||